The Effectiveness of Sberbank's Merger and Acquisition Ecosystem Model

Bibliographic Details
Main Author: Alimova Reina
Other Authors: Kucséber Dr. László Zoltán
Format: Thesis
Kulcsszavak:bank
banking
consolidation
corporate finance
finance
technology
Online Access:http://dolgozattar.uni-bge.hu/60370

MARC

LEADER 00000nta a2200000 i 4500
001 dolg60370
005 20260409150509.0
008 260409suuuu hu om 000 eng d
040 |a BGE Dolgozattár Repozitórium  |b hun 
041 |a en 
100 1 |a Alimova Reina 
245 1 4 |a The Effectiveness of Sberbank's Merger and Acquisition Ecosystem Model  |c Alimova Reina  |h [elektronikus dokumentum] 
520 3 |a This thesis explores how Merger and Acquisition concept in the banking sector has shifted from traditional market expansion strategies to modern ecosystem approaches shaped by the ongoing digital transformation. The primary case study is Sberbank, one of Russia's largest banks. The main objective is to evaluate whether ecosystem-based M&A, using Sberbank as a case study, has proven successful strategy for modern banks.The study draws on established economic theories of mergers and acquisitions: Coase's transaction cost theory and Williamson's control theory. We also examine the key stages, types, and motivations of mergers and acquisitions in the banking sector.In research methodology, the study combines a qualitative analysis of merger and acquisition trends with a quantitative assessment of Sberbank's financial performance based on IFRS data for 2018–2024.Overall, the research confirms that ecosystem-driven M&A is an effective strategy for modern banks. Sberbank's transition from a traditional bank to a multi-service institution demonstrates how technology acquisition and the creation of integrated platforms can drive growth, increase revenue and strengthen their competitive position in the market. 
695 |a bank 
695 |a banking 
695 |a consolidation 
695 |a corporate finance 
695 |a finance 
695 |a technology 
700 1 |a Kucséber Dr. László Zoltán  |e ths 
856 4 0 |u http://dolgozattar.uni-bge.hu/60370/1/The%20Effectiveness%20of%20Sberbanks%20Merger%20and%20Acquisition%20Ecosystem%20Model%20%20Alimova%20Reina%20DN1PI8.pdf  |z Dokumentum-elérés 
856 4 0 |u http://dolgozattar.uni-bge.hu/60370/2/Thesis_assesment_sheet_Alimova%20Reina.pdf  |z Dokumentum-elérés